书目信息 |
| 题名: |
逻辑语义学
|
|
| 作者: | 方立 著 | |
| 分册: | ||
| 出版信息: | 北京 北京语言文化大学出版社 2000 |
|
| 页数: | 415页 | |
| 开本: | 20cm | |
| 丛书名: | ||
| 单 册: | ||
| 中图分类: | H030 | |
| 科图分类: | ||
| 主题词: | 语义学--逻辑 | |
| 电子资源: | ||
| ISBN: | 7-5619-0872-5 | |
| 000 | 00520nam0 2200193 45 | |
| 001 | 0412011606 | |
| 005 | 20041202104541.3 | |
| 010 | @a7-5619-0872-5@dCNY25.00 | |
| 100 | @a20041201d2000 km y0chiy0120 ea | |
| 101 | 0 | @achi |
| 105 | @a z 000yy | |
| 200 | 1 | @a逻辑语义学@ALuo Ji Yu Yi Xue@f方立著@FFang Li Zhu |
| 210 | @a北京@c北京语言文化大学出版社@d2000 | |
| 215 | @a415页@d20cm | |
| 606 | 0 | @a语义学@x逻辑 |
| 690 | @aH030@v4 | |
| 701 | @a方立@4著 | |
| 801 | @aCN@bTSTCL@c20041201 | |
| 905 | @b336513-517@dH030@e45@f5 | |
| 逻辑语义学/方立著.-北京:北京语言文化大学出版社,2000 |
| 415页;20cm |
| ISBN 7-5619-0872-5:CNY25.00 |
| ● |
| 相关链接 |
|
|
|
|
正题名:逻辑语义学
索取号:H030/45
 
预约/预借
| 序号 | 登录号 | 条形码 | 馆藏地/架位号 | 状态 | 备注 |
| 1 | 0336514 | 203365143 | 第四借阅区/ [索取号:H030/45] | 在馆 | |
| 2 | 0336515 | 203365152 | 第四借阅区/ [索取号:H030/45] | 在馆 | |
| 3 | 0336516 | 203365161 | 第四借阅区/ [索取号:H030/45] | 在馆 | |
| 4 | 0336517 | 203365170 | 第二样本阅览室/ [索取号:H030/45] | 在馆 |